00888cam a22002411 4500001001300000003000400013005001700017008004100034010001700075035001900092040005000111050002000161082001100181100004700192245005700239260005200296300005600348490006900404650004200473650004100515830007300556999001700629gs 55000302 DLC20260227111403.0781005s1955 sduab 000 0 eng c ags 55000302  a(OCoLC)4265193 aU.S. Geol. Survey. Libr.cUUdOCoLCdDLCdWaU00aGB1025.S8bR615 a551.491 aRothrock, E. P.q(Edgar Paul),d1889-1977.10aGround water reservoirs near Aberdeen, South Dakota. aVermillion,bUniversity of South Dakota,c1955. aii, 47 p.bmaps (1 fold. in pocket) diagrs.c28 cm.1 aSouth Dakota Geological Survey. Report of investigationsvno. 78 0aWater-supplyzSouth DakotazAberdeen. 0aGroundwaterzSouth DakotazAberdeen. 0aReport of investigations (South Dakota Geological Survey) ;vno. 78. c28994d28994